[Event "YUG Cup (Women)"]
[Site "Herceg Novi"]
[Date "2001.09.04"]
[Round "2"]
[White "Kalevic, Sanja"]
[Black "Medjedovic, Jadranka"]
[Result "1/2-1/2"]
[WhiteElo "2219"]
[BlackElo "2110"]
[PlyCount "33"]
[EventDate "2001.09.03"]
[EventType "team"]
[EventRounds "5"]
[EventCountry "YUG"]
[SourceTitle "CBM 084 Extra"]
[Source "ChessBase"]
[SourceDate "2001.10.26"]
[SourceVersion "1"]
[SourceVersionDate "2001.10.26"]
[SourceQuality "1"]

1. e4 d5 2. exd5 Qxd5 3. Nc3 Qd8 4. d4 Nf6 5. Nf3 c6 6. Be2 Bf5 7. Nh4 Bg6 8. Nxg6 hxg6 9. Qd3 Qc7 10. g3 e6 11. Bf3 Nbd7 12. Bg5 Be7 13. h4 0-0-0 14. 0-0-0 Ne5 15. Qe2 Nxf3 16. Qxf3 Rd7 17. Kb1 1/2-1/2

[Event "Serbia-ch (Women)"]
[Site "Kragujevac"]
[Date "2000.??.??"]
[Round "8"]
[White "Medjedovic, Jadranka"]
[Black "Boric, Tatjana"]
[Result "1-0"]
[WhiteElo "2105"]
[BlackElo "2050"]
[PlyCount "141"]
[EventDate "2000.02.19"]
[EventType "swiss"]
[EventRounds "9"]
[EventCountry "YUG"]
[SourceTitle "EXT 2001"]
[Source "ChessBase"]
[SourceDate "2000.11.22"]
[SourceVersion "1"]
[SourceVersionDate "2000.11.22"]
[SourceQuality "1"]

1. e4 c5 2. f4 d6 3. Nf3 g6 4. d3 Bg7 5. g3 Nc6 6. Bg2 f5 7. c3 Nh6 8. h3 0-0 9. Be3 Qc7 10. 0-0 e5 11. Nbd2 b6 12. Ng5 Kh8 13. Rc1 Qd7 14. Qa4 Bb7 15. Ndf3 Nf7 16. Rf2 Nxg5 17. Nxg5 a6 18. Qb3 b5 19. Ne6 Rf7 20. Nxg7 Kxg7 21. Rcf1 c4 22. Qc2 Raf8 23. Qd2 Kh8 24. Rd1 exf4 25. Bxf4 Ne5 26. dxc4 Nxc4 27. Qd4+ Kg8 28. b3 Na5 29. Bxd6 Rc8 30. Rdf1 Nc6 31. Qd2 Rd8 32. Bf4 Qe6 33. Qc2 Rc8 34. Bd2 Qd7 35. Qb1 Ne7 36. Qe1 Qd6 37. e5 Qb6 38. e6 Rg7 39. Bxb7 Qxb7 40. Bh6 Qc7 41. Rf3 Nd5 42. Bxg7 Kxg7 43. Rd3 Nf6 44. Qe3 Re8 45. Re1 Kg8 46. Qe5 Qb6+ 47. Kg2 Ne4 48. Rxe4 Qb7 49. Qd5 Qxd5 50. Rxd5 fxe4 51. Re5 Kf8 52. Rxe4 Ke7 53. Kf3 Rd8 54. Kf4 h6 55. a4 Rd3 56. Re3 Rd5 57. axb5 axb5 58. Kf3 Rd2 59. Kf4 Rb2 60. b4 Rf2+ 61. Ke5 Rd2 62. Rf3 Re2+ 63. Kd4 Rd2+ 64. Kc5 Kxe6 65. Kxb5 Rh2 66. g4 Ke5 67. c4 g5 68. c5 Ke4 69. Rc3 Kd4 70. Rc4+ Kd5 71. c6 1-0

[Event "YUG-ch 1/2 fin (Women)"]
[Site "Mataruska Banja"]
[Date "1997.??.??"]
[Round "9"]
[White "Medjedovic, Jadranka"]
[Black "Markov, Vesna"]
[Result "0-1"]
[WhiteElo "2120"]
[BlackElo "2140"]
[PlyCount "70"]
[EventDate "1997.??.??"]
[EventType "swiss"]
[EventRounds "11"]
[EventCountry "YUG"]
[SourceTitle "EXT 2002"]
[Source "ChessBase"]
[SourceDate "2001.11.25"]
[SourceVersion "1"]
[SourceVersionDate "2001.11.25"]
[SourceQuality "1"]

1. e4 c5 2. f4 Nc6 3. Nf3 g6 4. Bb5 Bg7 5. Bxc6 dxc6 6. d3 Nf6 7. Qe2 Qc7 8. 0-0 Bg4 9. c3 Rd8 10. h3 Bc8 11. Nbd2 0-0 12. Ne1 e5 13. fxe5 Nh5 14. Rf3 Bxe5 15. Nc4 Bh2+ 16. Kf2 Bg3+ 17. Kg1 b5 18. Na3 Bh2+ 19. Kf2 Qe7 20. g4 Ng7 21. Kg2 Bc7 22. Be3 h5 23. g5 c4 24. dxc4 Qxe4 25. Qc2 Qe7 26. h4 Bg4 27. Bd4 Bxf3+ 28. Nxf3 Qe6 29. Kf2 Qh3 30. Rg1 Nf5 31. Bf6 Bg3+ 32. Ke2 Rfe8+ 33. Ne5 Bxe5 34. Bxd8 Qh2+ 35. Kd1 Ne3+ 0-1

[Event "YUG-chT (Women)"]
[Site "Niksic"]
[Date "1997.??.??"]
[Round "9"]
[White "Von Wantoch Rekowski, Danijela"]
[Black "Medjedovic, Jadranka"]
[Result "1/2-1/2"]
[WhiteElo "2095"]
[BlackElo "2125"]
[PlyCount "90"]
[EventDate "1997.08.27"]
[EventType "team"]
[EventRounds "11"]
[EventCountry "YUG"]
[SourceTitle "CBM 059 Extra"]
[Source "ChessBase"]
[SourceDate "1997.09.26"]
[SourceVersion "1"]
[SourceVersionDate "1997.09.26"]
[SourceQuality "1"]

1. e4 e6 2. d4 d5 3. Nd2 dxe4 4. Nxe4 Bd7 5. Nf3 Bc6 6. Bd3 Nd7 7. Qe2 Ngf6 8. Bf4 Be7 9. 0-0-0 Nxe4 10. Bxe4 Bxe4 11. Qxe4 c6 12. Kb1 Nf6 13. Qe2 Nd5 14. Bd2 Qb6 15. Qd3 0-0-0 16. c4 Nf6 17. Bc3 Bb4 18. Ne5 Bxc3 19. Qxc3 Qc7 20. Qe3 Kb8 21. g4 Rhf8 22. f4 Nd7 23. Nxd7+ Rxd7 24. Rd2 Rfd8 25. Rhd1 Ka8 26. h4 Qd6 27. Qe4 h6 28. h5 Qb4 29. Qe5 Qd6 30. Qxd6 Rxd6 31. g5 Kb8 32. Kc2 Rh8 33. Rh2 Rhd8 34. Kc3 Kc7 35. Rhd2 R6d7 36. gxh6 gxh6 37. Rg1 c5 38. Rgd1 cxd4+ 39. Rxd4 Rxd4 40. Rxd4 Rxd4 41. Kxd4 f6 42. Ke4 Kd6 43. b4 a6 44. Kd4 Kc6 45. Ke4 Kd6 1/2-1/2

[Event "YUG-ch sf (Women)"]
[Site "Nis"]
[Date "1995.??.??"]
[Round "?"]
[White "Medjedovic, Jadranka"]
[Black "Boskovic, Malina"]
[Result "1-0"]
[WhiteElo "2085"]
[BlackElo "2055"]
[PlyCount "63"]
[EventDate "1995.??.??"]
[EventType "swiss"]
[EventRounds "11"]
[EventCountry "YUG"]
[SourceTitle "EXT 2000"]
[Source "ChessBase"]
[SourceDate "1999.11.16"]
[SourceVersion "1"]
[SourceVersionDate "1999.11.16"]
[SourceQuality "1"]

1. e4 e6 2. d4 d5 3. Nd2 Nf6 4. e5 Nfd7 5. f4 c5 6. c3 Nc6 7. Ndf3 Qb6 8. g3 cxd4 9. cxd4 Bb4+ 10. Kf2 0-0 11. Bh3 g6 12. Kg2 Re8 13. Ne2 a5 14. a4 Nf8 15. Rf1 Bd7 16. g4 Ne7 17. Ng3 Rac8 18. f5 exf5 19. gxf5 gxf5 20. Nh4 Rc4 21. Be3 Nfg6 22. Nhxf5 Nxf5 23. Bxf5 Nh4+ 24. Kh1 Nxf5 25. Nxf5 Kh8 26. Nh6 Be6 27. Qh5 Rcc8 28. Rf6 Be7 29. Rxe6 Qxe6 30. Nxf7+ Kg8 31. Rg1+ Bg5 32. Qxg5+ 1-0

[Event "Tivat op"]
[Site "Tivat"]
[Date "1995.??.??"]
[Round "1"]
[White "Medjedovic, Jadranka"]
[Black "Marjanovic, Slavoljub"]
[Result "0-1"]
[WhiteElo "2085"]
[BlackElo "2425"]
[PlyCount "74"]
[EventDate "1995.??.??"]
[EventType "swiss"]
[EventRounds "11"]
[EventCountry "YUG"]
[SourceTitle "EXT 2000"]
[Source "ChessBase"]
[SourceDate "1999.11.16"]
[SourceVersion "1"]
[SourceVersionDate "1999.11.16"]
[SourceQuality "1"]

1. e4 c5 2. Nc3 e6 3. f4 Nc6 4. Nf3 a6 5. d3 d5 6. g3 Nf6 7. e5 Nd7 8. Bg2 b5 9. 0-0 g6 10. Ne2 h5 11. h3 Be7 12. d4 Bb7 13. Kh2 Qc7 14. c3 a5 15. Be3 b4 16. Rc1 bxc3 17. Nxc3 c4 18. Rf2 Ba6 19. a3 Rb8 20. Ng5 Nb6 21. Bf3 Qd7 22. Kg2 Na7 23. g4 hxg4 24. hxg4 Nb5 25. Ne2 Nc7 26. Ng3 Na4 27. Rcc2 Rb3 28. Qe1 Qb5 29. Bc1 Qb6 30. Bd1 Nb5 31. Rce2 Nxd4 32. Be3 Nxe2 33. Rxe2 d4 34. Bc1 Bxg5 35. fxg5 Bb7+ 36. Kg1 Rxg3+ 37. Qxg3 Rh1+ 0-1

[Event "YUG-ch (Women)"]
[Site "Smederevo"]
[Date "1994.04.24"]
[Round "6"]
[White "Nikolin, Zorica"]
[Black "Medjedovic, Jadranka"]
[Result "1/2-1/2"]
[WhiteElo "2275"]
[BlackElo "2080"]
[PlyCount "52"]
[EventDate "1994.04.18"]
[EventType "swiss"]
[EventRounds "10"]
[EventCountry "YUG"]
[SourceTitle "EXT 2018"]
[Source "ChessBase"]
[SourceDate "2017.10.13"]
[SourceVersion "1"]
[SourceVersionDate "2017.10.13"]
[SourceQuality "1"]

1. e4 e6 2. d4 d5 3. Nc3 dxe4 4. Nxe4 Bd7 5. Bd3 Bc6 6. Nf3 Nd7 7. 0-0 Ngf6 8. Ng3 Bxf3 9. Qxf3 c6 10. b3 Be7 11. Bb2 0-0 12. c4 Re8 13. Rfe1 Bf8 14. Rad1 g6 15. d5 cxd5 16. cxd5 Nxd5 17. Bb5 Bg7 18. Bxg7 Kxg7 19. Ne4 Re7 20. Qg3 f6 21. Bxd7 Qxd7 22. Nxf6 Kxf6 23. Qh4+ Kf7 24. Qxh7+ Kf6 25. Qh4+ Kf7 26. Qh7+ Kf6 1/2-1/2

[Event "YUG-ch (Women)"]
[Site "Smederevo"]
[Date "1994.04.22"]
[Round "5"]
[White "Medjedovic, Jadranka"]
[Black "Ivanisevic, Dusica"]
[Result "1/2-1/2"]
[WhiteElo "2080"]
[BlackElo "2160"]
[PlyCount "26"]
[EventDate "1994.04.18"]
[EventType "swiss"]
[EventRounds "10"]
[EventCountry "YUG"]
[SourceTitle "EXT 2018"]
[Source "ChessBase"]
[SourceDate "2017.10.13"]
[SourceVersion "1"]
[SourceVersionDate "2017.10.13"]
[SourceQuality "1"]

1. e4 c5 2. d3 Nc6 3. f4 g6 4. g3 Bg7 5. Bg2 d6 6. Nf3 e6 7. 0-0 Nge7 8. c3 0-0 9. Be3 Rb8 10. d4 b6 11. Nbd2 Kh8 12. b3 f5 13. g4 cxd4 1/2-1/2

[Event "YUG-chT (Women)"]
[Site "Cetinje"]
[Date "1993.??.??"]
[Round "9"]
[White "Medjedovic, Jadranka"]
[Black "Lazic, Marina"]
[Result "1-0"]
[WhiteElo "2045"]
[BlackElo "2115"]
[PlyCount "69"]
[EventDate "1993.??.??"]
[EventType "team"]
[EventRounds "11"]
[EventCountry "YUG"]
[SourceTitle "TD"]
[Source "ChessBase"]
[SourceDate "1994.03.01"]
[SourceVersion "1"]
[SourceVersionDate "1994.03.01"]
[SourceQuality "1"]

1. e4 c6 2. Nf3 d5 3. Nc3 g6 4. h3 Bg7 5. e5 h5 6. d4 Bf5 7. g3 Nh6 8. Bg2 Na6 9. a3 Qd7 10. Be3 Nc7 11. Qe2 b5 12. Kf1 a5 13. Kg1 0-0 14. Qd2 Kh7 15. g4 f6 16. gxf5 Nxf5 17. exf6 exf6 18. Ne2 Rae8 19. Nf4 Bh6 20. Qd3 Qf7 21. h4 Nxe3 22. fxe3 Re4 23. Nd2 Re7 24. Rh3 Rfe8 25. Rf1 Bxf4 26. exf4 Re2 27. Rff3 Qe6 28. f5 gxf5 29. Rxf5 Kh6 30. Qf3 Qe3+ 31. Qxe3+ R8xe3 32. Rxe3 Rxe3 33. Rxf6+ Kg7 34. Rxc6 Ne6 35. Kf2 1-0

[Event "YUG-ch (Women)"]
[Site "Belgrade"]
[Date "1993.??.??"]
[Round "5"]
[White "Medjedovic, Jadranka"]
[Black "Prudnikova, Svetlana"]
[Result "1-0"]
[WhiteElo "2045"]
[BlackElo "2420"]
[PlyCount "91"]
[EventDate "1993.??.??"]
[EventType "swiss"]
[EventRounds "11"]
[EventCountry "YUG"]
[SourceTitle "EXT 2002"]
[Source "ChessBase"]
[SourceDate "2001.11.25"]
[SourceVersion "1"]
[SourceVersionDate "2001.11.25"]
[SourceQuality "1"]

1. e4 c5 2. Nf3 d6 3. d4 cxd4 4. Nxd4 Nc6 5. Nc3 g6 6. Be2 Bg7 7. Nb3 Nf6 8. 0-0 0-0 9. f4 a6 10. Bf3 Bd7 11. Qe2 Rc8 12. Be3 b5 13. Nd5 Nxd5 14. exd5 Na5 15. c3 Nc4 16. Bd4 Bh6 17. Be4 e6 18. dxe6 fxe6 19. Qc2 e5 20. Bd5+ Kh8 21. fxe5 dxe5 22. Bf2 Bf5 23. Be4 Qg5 24. Rae1 Rcd8 25. Bxf5 Rxf5 26. Qe4 Rdf8 27. Re2 Rf4 28. Qd3 Rf3 29. Qe4 R3f4 30. Qd3 Qg4 31. Nc5 Rf3 32. Qe4 Qxe4 33. Nxe4 R3f7 34. b3 Ne3 35. Rfe1 Nd5 36. Nd6 Rd7 37. Bc5 Rfd8 38. c4 bxc4 39. Nxc4 Nc3 40. Rxe5 Nxa2 41. R5e4 Rd1 42. Rxd1 Rxd1+ 43. Kf2 Rb1 44. Re6 Nc3 45. Bd4+ Kg8 46. Bxc3 1-0

[Event "YUG-ch (Women)"]
[Site "Belgrade"]
[Date "1993.??.??"]
[Round "8"]
[White "Medjedovic, Jadranka"]
[Black "Veliova, Irijeta"]
[Result "1-0"]
[WhiteElo "2045"]
[BlackElo "2035"]
[PlyCount "67"]
[EventDate "1993.??.??"]
[EventType "swiss"]
[EventRounds "11"]
[EventCountry "YUG"]
[SourceTitle "EXT 2002"]
[Source "ChessBase"]
[SourceDate "2001.11.25"]
[SourceVersion "1"]
[SourceVersionDate "2001.11.25"]
[SourceQuality "1"]

1. e4 e6 2. d4 d5 3. Nd2 Nf6 4. e5 Nfd7 5. f4 c5 6. c3 Nc6 7. Ndf3 Be7 8. Bd3 f5 9. exf6 Nxf6 10. Nh3 0-0 11. 0-0 cxd4 12. cxd4 Qb6 13. Kh1 Ne4 14. Nhg5 Nxg5 15. fxg5 g6 16. b3 Nxd4 17. Be3 Bc5 18. b4 Qxb4 19. Rb1 Qc3 20. Rc1 Qb4 21. a3 Qxa3 22. Nxd4 Rxf1+ 23. Qxf1 Bd7 24. Nc2 Qc3 25. Ne1 Qa3 26. Rxc5 Rf8 27. Qe2 Bc6 28. Bd4 Kf7 29. Qe5 Bd7 30. Qg7+ Ke8 31. Qxh7 e5 32. Qxg6+ Kd8 33. Qd6 Rf4 34. Bxe5 1-0

[Event "YUG-ch (Women)"]
[Site "Kladovo"]
[Date "1991.??.??"]
[Round "?"]
[White "Lazic, Marina"]
[Black "Medjedovic, Jadranka"]
[Result "0-1"]
[WhiteElo "2180"]
[BlackElo "2065"]
[PlyCount "90"]
[EventDate "1991.??.??"]
[EventType "swiss"]
[EventRounds "13"]
[EventCountry "YUG"]
[SourceTitle "EXT 2002"]
[Source "ChessBase"]
[SourceDate "2001.11.25"]
[SourceVersion "1"]
[SourceVersionDate "2001.11.25"]
[SourceQuality "1"]

1. d4 e6 2. c4 f5 3. g3 Nf6 4. Bg2 Be7 5. Nf3 0-0 6. Nc3 d6 7. 0-0 Qe8 8. Qc2 Bd8 9. e4 Nh5 10. exf5 exf5 11. Bg5 Nf6 12. Rfe1 Qh5 13. Bxf6 Bxf6 14. Nd5 Qf7 15. Re2 Nc6 16. Qd2 b6 17. Rae1 Rb8 18. b4 b5 19. Nxf6+ Qxf6 20. d5 Nd8 21. c5 f4 22. Re8 Rxe8 23. Rxe8+ Kf7 24. Re4 fxg3 25. fxg3 Kg8 26. Ng5 g6 27. Re8+ Kg7 28. Qe3 h6 29. Re7+ Kg8 30. Nh7 Qa1+ 31. Bf1 Nf7 32. Qf2 Bf5 33. g4 Kxh7 34. gxf5 Qf6 35. fxg6+ Qxg6+ 36. Qg3 Qf6 37. Bd3+ Kh8 38. Qf2 Rg8+ 39. Kh1 Qxe7 40. Bxb5 Qg5 41. h4 Qxd5+ 42. Kh2 Qe5+ 43. Kh3 Qe6+ 44. Kh2 Ne5 45. Qf4 Qxa2+ 0-1

[Event "YUG-ch (Women)"]
[Site "Kladovo"]
[Date "1991.??.??"]
[Round "?"]
[White "Petronic, Sanja"]
[Black "Medjedovic, Jadranka"]
[Result "1-0"]
[WhiteElo "2145"]
[BlackElo "2065"]
[PlyCount "93"]
[EventDate "1991.??.??"]
[EventType "swiss"]
[EventRounds "13"]
[EventCountry "YUG"]
[SourceTitle "EXT 2002"]
[Source "ChessBase"]
[SourceDate "2001.11.25"]
[SourceVersion "1"]
[SourceVersionDate "2001.11.25"]
[SourceQuality "1"]

1. e4 e6 2. d4 d5 3. Nc3 Nf6 4. e5 Nfd7 5. f4 c5 6. Nf3 Nc6 7. Be3 Qa5 8. a3 cxd4 9. Nxd4 a6 10. Be2 Nxd4 11. Bxd4 b5 12. f5 Qc7 13. fxe6 fxe6 14. 0-0 Bc5 15. Kh1 Bxd4 16. Qxd4 Qxe5 17. Qh4 Nf6 18. Rae1 0-0 19. Bxb5 Qh5 20. Qxh5 Nxh5 21. Bc6 Rb8 22. Nxd5 Nf6 23. Ne7+ Kh8 24. Nxc8 Rfxc8 25. Ba4 Rxb2 26. Bb3 Rc6 27. Kg1 h6 28. Re5 Ng4 29. Rxe6 Rxe6 30. Bxe6 Ne3 31. Rf8+ Kh7 32. Rc8 Rb6 33. Bg8+ Kg6 34. Kf2 Nf5 35. Bc4 Kg5 36. Rc5 Rf6 37. Bd3 g6 38. Ra5 h5 39. Rxa6 Nd6+ 40. Ke2 Re6+ 41. Kd1 Kf4 42. c4 Rf6 43. c5 Ne4 44. Rxf6+ Nxf6 45. c6 Nd5 46. Bxg6 h4 47. Kd2 1-0

[Event "YUG-chT FL"]
[Site "Arandjelovac"]
[Date "1990.??.??"]
[Round "5"]
[White "Gostovic Bozovic, Miroslava"]
[Black "Medjedovic, Jadranka"]
[Result "0-1"]
[WhiteElo "2080"]
[BlackElo "2060"]
[PlyCount "56"]
[EventDate "1990.??.??"]
[EventType "team"]
[EventRounds "11"]
[EventCountry "YUG"]
[SourceTitle "EXT 1997"]
[Source "ChessBase"]
[SourceDate "1996.11.15"]
[SourceVersion "1"]
[SourceVersionDate "1996.11.15"]
[SourceQuality "1"]

1. d4 Nf6 2. c4 d6 3. Nc3 Nbd7 4. e4 c6 5. Be2 e5 6. d5 c5 7. Nf3 Be7 8. 0-0 0-0 9. Ne1 a6 10. g3 Rb8 11. a4 Ne8 12. Ng2 g6 13. Bh6 Ng7 14. Qd2 Re8 15. f4 exf4 16. Qxf4 Ne5 17. g4 Bd7 18. Ne3 Qc8 19. Rf2 Rf8 20. Rg2 Qd8 21. Rf1 Qb6 22. Bd1 Qb4 23. Qg3 Qa5 24. Nf5 Nxf5 25. gxf5 Qd8 26. f6 Bxf6 27. Rxf6 Qxf6 28. Bg5 Qg7 0-1